Pokémon - Les attaques de Gambex - Statistiques

Statistiques générales
  • Ce quiz a été pris 10 fois
  • Le résultat moyen est 12 sur 19
Statistiques - réponses
Niveaux Types Noms des attaques % Correct
Départ Normal Charge
100%
Niveau 40 Ténèbres Coup Bas
83%
Niveau 11 Combat Double Pied
83%
Niveau 44 Insecte Escarmouche
83%
Niveau 6 Spectre Étonnement
83%
Niveau 32 Psy Hâte
83%
Niveau 48 Vol Rebond
83%
Niveau 4 Insecte Survinsecte
83%
Niveau 9 Ténèbres Assurance
67%
Départ Combat Balayage
67%
Départ Combat Détection
67%
Niveau 36 Ténèbres Exécu-Son
67%
Départ Évolution Insecte Furie-Bond
67%
Départ Normal Groz'Yeux
67%
Niveau 22 Insecte Piqûre
50%
Niveau 14 Normal Grincement
33%
Niveau 53 Combat Talon-Marteau
33%
Niveau 28 Normal Ruse
17%
Niveau 18 Normal Ténacité
17%
Aucun quiz correspondant
Distribution des résultats
% des personnes avec chaque résultat
Percentile par nombre de réponses
Votre historique - résultats
Vous n’avez pas pris ce quiz